| 000 | 00794nam a22002057a 4500 | ||
|---|---|---|---|
| 005 | 20180430123150.0 | ||
| 008 | 170725b xxu||||| |||| 00| 0 eng d | ||
| 020 | _a9780760935880 | ||
| 050 |
_aLB 1573 _b.St898s 2006 |
||
| 245 |
_aStrategies to achieve reading success / _cCurriculum Associates, Inc. |
||
| 260 |
_aNorth Billerica, MA : _bCurriculum Associates, Inc., _cc2006. |
||
| 300 |
_a151 pages : _billustrations ; _c28 cm. |
||
| 440 |
_aSTARS series _vBook F |
||
| 650 |
_2Library of Congress Classification _aReading (Elementary) |
||
| 650 |
_2Library of Congress Classification _aReading (Middle School) |
||
| 650 |
_2Library of Congress Classification _aReading comprehension |
||
| 710 | _aCurriculum Associates, Inc. | ||
| 942 |
_2lcc _cBK |
||
| 999 |
_c340922 _d340922 |
||